|
|
|
|
| LEADER |
00690pam a22002178a 4500 |
| 001 |
00025974 |
| 005 |
20171026081023.0 |
| 008 |
110812s1987 ||||||engsd |
| 041 |
0 |
# |
|a eng
|
| 082 |
1 |
4 |
|a 428
|b L200A
|
| 100 |
0 |
# |
|a Wenden,Anita
|
| 245 |
0 |
0 |
|a Learner strategies in language learning
|c Anita Wenden,Joan Rubin
|
| 260 |
# |
# |
|a New York
|b Prentice Hall
|c 1987
|
| 300 |
# |
# |
|a 181p.
|c 28cm.
|
| 653 |
# |
# |
|a học
|
| 653 |
# |
# |
|a tiếng anh
|
| 852 |
# |
# |
|b Kho giáo trình
|j KGT.0027990, KGT.0027991
|
| 852 |
# |
# |
|b Kho mượn
|j KGT.0027990
|
| 852 |
# |
# |
|j KGT.0027991
|j KGT.0027990
|
| 910 |
|
|
|d 12/08/2011
|
| 980 |
# |
# |
|a Trung tâm Học liệu Lê Vũ Hùng, Trường Đại học Đồng Tháp
|